000 00808nam a2200241Ia 4500
003 OSt
005 20220923224125.0
006 a|||||r|||| 00| 0
007 ta
008 Pun
024 _a225,984
037 _cTextual
040 _aARTS
_cARTS
_bPun
041 _2Pun
_aPun
082 _aO153:g, P5
100 _aਜਗਜੀਤ ਕੈਰ; ਜਸਪਾਲ ਸਿੰਘ ੁ
_9167792
245 0 _aਪੰਜਾਬੀ ਸਾਹਿੱਤ ਸਿਧਾਂਤ ਤੇ ਸਮੀਖਿਆ
260 _aਅਮ੍ਰਿਤਸਰ
_b ਰੂਹੀ ਪ੍ਰਕਾFਨ
_c2005
300 _a128ਪੰ
_ccm.
650 _aਪੰਜਾਬੀ ਸਾਹਿਤ
942 _hO153:g, P5
_cTEXL
_2CC
999 _c369389
_d369389